000
00202 a2200097 4500
001
5224
100
_a
Walker,JD
245
_a
Mechanical engineering Science
260
_a
_b
EUP
_c
090
_c
4343
_d
4343
942
_a
NUST-CAE
_c
M
_c
30649
999
_c
240297
_d
240297